| 000 | 01027nam a2200217Ia 4500 | ||
|---|---|---|---|
| 005 | 20240530103253.0 | ||
| 008 | 140319s1992 xx 000 0 ara d | ||
| 040 |
_aGCL / _cGCL |
||
| 082 | 0 | 4 |
_a413.1 _bد ح |
| 100 | _aكمال الدين محمد بن موسى الدميرى | ||
| 245 | 1 | 0 |
_aحياة الحيوان الكبرى : _bويليه عجائب الحيوان من كتاب عجائب المخلوقات وغرائب الموجودات / _cتاليف كمال الدين محمد بن موسى الدميرى ، زكريا بن محمد بن محمود القزوينى ؛ تهذيب اسعد الفارس |
| 260 |
_aدمشق : _bطلاس للدراسات والترجمة والنشر ، _c1992 |
||
| 300 |
_a208 ص؛ _b24 سم |
||
| 490 |
_aمن التراث اللغوى _v0 |
||
| 650 | 0 | 4 | _aاللغة العربية |
| 650 | 0 | 4 | _aالاعلام |
| 650 | 0 | 4 | _aالحيوان، علم |
| 700 |
_aاسعد الفارس _eتهذيب |
||
| 942 |
_2ddc _cBK |
||
| 999 |
_c38038 _d38038 |
||